| 000 | 006990000a22002410004500 | ||
|---|---|---|---|
| 090 |
_aAR _b00008 |
||
| 245 | 1 | 0 | _aConservation of amphibians and reptiles |
| 650 | 1 | 4 |
_aHerpetofauna _94239 |
| 650 | 1 | 4 |
_aFauna _992594 |
| 650 | 1 | 4 |
_aReptiles _992767 |
| 650 | 1 | 4 |
_aAnfibios _992768 |
| 650 | 1 | 4 |
_aConservación _992401 |
| 650 | 1 | 4 |
_aTaxonomía _992343 |
| 650 | 1 | 4 |
_aBiología _992 |
| 041 | 0 | _aInglés | |
| 700 | 1 |
_aCarr, John L. _946569 |
|
| 700 | 1 |
_aSwingland, Ian R. _992770 |
|
| 700 | 1 |
_aWerner, Timothy B. _992771 |
|
| 700 | 1 |
_aMast, Roderic B. _96447 |
|
| 100 | 1 |
_aMittermeier, Russell A. _96443 |
|
| 942 | _cARTICULO | ||
| 773 | 1 |
_tSociety for the Study of Amphibians and Reptiles _35 _q59-80 _d1992 |
|
| 999 |
_c9111 _d9111 |
||